Statistics for 100 Biggest Cities in Illinois on a Map

Click here to take the quiz!

General Stats

  • This quiz has been taken 330 times
  • The average score is 42 of 100

Answers on the Map

Answers color-coded by a green-red scale on the quiz's map according to % correct below.
 

Answer Stats

PopulationCity% Correct
2,746,388Chicago
97%
114,394Springfield
93%
113,150Peoria
89%
148,655Rockford
88%
150,362Joliet
87%
180,542Aurora
86%
149,540Naperville
85%
88,302Champaign
83%
78,110Evanston
76%
114,797Elgin
73%
38,336Urbana
71%
78,680Bloomington
70%
85,268Cicero
69%
89,321Waukegan
69%
78,723Schaumburg
68%
52,736Normal
65%
37,108Rock Island
63%
67,824Skokie
63%
24,052Kankakee
62%
42,985Moline
62%
54,583Oak Park
62%
70,522Decatur
61%
77,676Arlington Heights
58%
40,290DeKalb
57%
60,675Des Plaines
57%
67,908Palatine
53%
39,463Quincy
53%
29,204Danville
50%
73,922Bolingbrook
48%
58,362Oak Lawn
46%
58,703Orland Park
45%
53,970Wheaton
44%
50,247Downers Grove
42%
30,759North Chicago
42%
33,081St. Charles
42%
25,614West Chicago
42%
25,676Alton
41%
57,250Berwyn
41%
27,480Chicago Heights
41%
52,530Hoffman Estates
41%
55,971Tinley Park
41%
42,404Belleville
39%
26,808Edwardsville
38%
30,706Gurnee
38%
45,786Elmhurst
37%
30,912Niles
37%
23,973Freeport
36%
30,052Galesburg
36%
30,176Highland Park
36%
27,135McHenry
36%
28,170Wilmette
36%
40,269Crystal Lake
35%
35,222Northbrook
35%
39,863Romeoville
35%
24,655Zion
35%
44,476Lombard
34%
32,289O'Fallon
34%
25,339Belvidere
33%
43,212Buffalo Grove
33%
36,033Calumet City
33%
48,705Glenview
33%
56,852Mount Prospect
33%
31,731Pekin
33%
27,549Granite City
32%
39,656Park Ridge
32%
44,762Plainfield
32%
25,630Woodstock
32%
35,702Addison
31%
28,846Glen Ellyn
31%
29,700Algonquin
30%
39,854Carol Stream
30%
37,983Carpentersville
30%
23,865South Elgin
30%
39,137Wheeling
30%
26,098Batavia
28%
26,850Vernon Hills
28%
32,812Elk Grove Village
27%
26,094Lockport
27%
31,560Mundelein
27%
34,585Oswego
27%
39,577Streamwood
27%
27,252Round Lake Beach
26%
41,105Bartlett
25%
24,366Collinsville
25%
28,982Lake in the Hills
25%
24,223Lisle
25%
27,478Oak Forest
24%
24,200Rolling Meadows
24%
37,470Hanover Park
23%
29,439Burbank
22%
25,297Morton Grove
22%
27,740Huntley
21%
29,076Lansing
21%
27,214New Lenox
21%
34,158Woodridge
20%
24,521Elmwood Park
19%
24,796Melrose Park
19%
33,176Glendale Heights
18%
24,429Westmont
18%
24,543Homer Glen
17%

Score Distribution

Percentile by Number Answered

Percent of People with Each Score

Your Score History

You have not taken this quiz